000 01349nam0a2200349 4500
001 RU\NLR\BIBL_A\011706306
005 20180528162858.0
010 _a978-5-17-982650-7
_93000
021 _aRU
_bКН-П-18-026448
_9КН-П-18-1925
035 _a(NLR Aleph) 011706306
035 _a(RuMoRGB)009600553
090 _a11411807
_c11411807
100 _a20180517d2018 e y0rusy50 ca
101 1 _arus
_ceng
102 _aRU
105 _ay|||zzzz000 y
200 1 _aНайди меня
_eнайди меня, прежде чем это сделают они
_e[роман]
_fДж. С. Монро
_g[перевод с английского Ирины Павловой]
210 _aМосква
_cЖанровая литература
_cАСТ
_d2018
215 _a413, [1] с.
_d21
225 1 _aНовый мировой триллер
300 _aНа корешке: # 1
300 _aНа 4-й с. суперобл. авт.: Дж. С. Монро - псевдоним Джона Стока
333 _a18+
686 _aШ5(4Вл)64-644.6
_2rubbk
686 1 _aШ6(4Вл)67-446(Лх1299-60)
700 1 _aМонро
_bД. С.
_f1966-
_gДж. С.
_3RU\NLR\AUTH\770189317
942 _cBOOK
980 _aNBR
980 _aNB